| 000 | 00607nam a22001937a 4500 | ||
|---|---|---|---|
| 005 | 20251108164953.0 | ||
| 008 | 250721s1994 xx 000 0 ara d | ||
| 082 | 1 | 4 | _a658.15/عاد |
| 100 | 1 | _aمحمد، عادل مبروك | |
| 245 | 1 | 0 | _aإدارة الأصول الرأسمالية / |
| 264 | 1 |
_aالقاهرة : _bجامعة القاهرة - التعليم المفتوح، _c1994. |
|
| 300 | _a293ص | ||
| 650 | 1 | 7 | _aالإدارة المالية |
| 650 | 1 | 7 | _aالإستثمارات |
| 650 | 1 | 7 | _aالإدارة |
| 650 | 1 | 7 | _aتقنيات الإدارة |
| 942 |
_2ddc _cBK |
||
| 999 |
_c18699 _d18699 |
||